000 00696nam a2200289Ia 4500
005 20260121124516.0
008 008 260114s9999 xx 000 0 eng d
020 _a9781463243609
037 _aEBOOK
040 _aCRL
040 _beng
040 _cCRL
041 _2eng
041 _aeng
084 _qCRL
100 _aPasqualino, Fortunato
_9977196
245 4 _aThe Earrings of God
260 _bWalter de Gruyter
260 _bWalter de Gruyter
260 _c2021
650 _aPhilosophy
_9977197
700 _a Lahood, Gabriel
_9977198
856 _uhttp://www.degruyter.com/isbn/9781463243609
942 _cEBOOK
999 _c1555116
_d1555116